| 000 | 01309nam a2200373 4500 | ||
|---|---|---|---|
| 001 | 180 | ||
| 003 | DO-SdBNP | ||
| 005 | 20240813101343.0 | ||
| 007 | 180 | ||
| 008 | 040209s2003 sp | ||spa | ||
| 016 | 7 |
_a _2BPMSU |
|
| 017 |
_a _b |
||
| 020 | _a9788497510196 | ||
| 035 | _a | ||
| 040 |
_aBPMSU _bspa _cBPMSU _e |
||
| 080 | 0 | _a | |
| 082 | 4 |
_a401.93 _bP895e 2010 _222 |
|
| 100 | 1 | _aAcosta Rodríguez, Víctor Manuel. | |
| 245 | 1 | 4 |
_aLas prácticas educativas ante las dificultades del lenguaje : _buna propuesta desde la acción : la colaboración entre logopedas, psicopedagogos, profesores y padres/ _cVíctor Manuel Acosta Rodríguez _h |
| 260 |
_aBarcelona : _bGrupo Ars XXI de Comunicación, _c2010 |
||
| 300 |
_aXX, 244 p. ; _c25 cm |
||
| 490 | 0 | _aComunicación, lenguaje y logopedia | |
| 500 | _aEdición especial para distribuir de forma exclusiva a través del canal del venta directa en Latinoamérica | ||
| 504 | _aBibliografía: p.215-231. Índice | ||
| 590 | _aInventariado, 2024/VM | ||
| 650 | 4 |
_aAdquisición del lenguaje _x _2 |
|
| 650 | 4 |
_aEducación de niños _2 |
|
| 650 | 4 |
_aLenguaje de los niños _2 |
|
| 650 | 4 | _a Psicolingüística | |
| 710 | 2 | _a"Ars medica" | |
| 710 | 2 | _aLexus | |
| 910 | _aVMateo V. Control de calidad. BPMSU | ||
| 942 |
_2ddc _cBK |
||
| 999 |
_c11304 _d11304 |
||